000 00820nam a2200241Ia 4500
003 OSt
005 20220923220308.0
006 a|||||r|||| 00| 0
007 ta
008 220922b |||||||| |||| 00| 0 hin d
024 _a185,756
037 _cTextual
040 _aARTS
_cARTS
_bhin
041 _2hin
_ahin
082 _aY1:4:5.2, 152K0
100 _aमुखर्जी, रवीन्द्रनाथ
245 0 _aभारत में सामाजिक कल्याण और सुरक्षा
246 _aBhārat mean sāmājik kalyāṇ aur surakṣhā
260 _c1960
650 _aभारतीय-लोक साहित्य
942 _hY1:4:5.2, 152K0
_cTEXL
_2CC
999 _c339002
_d339002